[Event "Novorossiysk Small Land Blitz op"]
[Site "Novorossiysk"]
[Date "2023.07.29"]
[Round "9"]
[White "Sudnik, Pavel"]
[Black "Vlasov, Egor"]
[Result "0-1"]
[WhiteElo "1905"]
[BlackElo "2220"]
[PlyCount "42"]
[EventDate "2023.07.29"]
[EventType "swiss (blitz)"]
[EventRounds "13"]
[EventCountry "RUS"]
[SourceTitle "CBM 215 Extra"]
[Source "ChessBase"]
[SourceDate "2023.09.30"]
[SourceVersion "1"]
[SourceVersionDate "2023.09.30"]
[SourceQuality "1"]

1. e4 e5 2. Nf3 Nc6 3. Bc4 Bc5 4. c3 Nf6 5. d4 exd4 6. e5 d5 7. Bb5 Ne4 8. cxd4 Bb4+ 9. Nbd2 0-0 10. Bxc6 bxc6 11. 0-0 c5 12. Nxe4 dxe4 13. Ng5 cxd4 14. Nxe4 Re8 15. Qf3 Ba6 16. Ng5 Qe7 17. Rd1 h6 18. Qb3 hxg5 19. f4 Bc5 20. Bd2 Rab8 21. Qc2 d3+ 0-1

[Event "Novorossiysk Small Land Blitz op"]
[Site "Novorossiysk"]
[Date "2023.07.29"]
[Round "8"]
[White "Vlasov, Egor"]
[Black "Lyadov, Kirill"]
[Result "1/2-1/2"]
[WhiteElo "2220"]
[BlackElo "1797"]
[PlyCount "156"]
[EventDate "2023.07.29"]
[EventType "swiss (blitz)"]
[EventRounds "13"]
[EventCountry "RUS"]
[SourceTitle "CBM 215 Extra"]
[Source "ChessBase"]
[SourceDate "2023.09.30"]
[SourceVersion "1"]
[SourceVersionDate "2023.09.30"]
[SourceQuality "1"]

1. e4 c5 2. Nf3 Nc6 3. d4 cxd4 4. Nxd4 g6 5. c4 Nf6 6. Nc3 d6 7. Be2 Nxd4 8. Qxd4 Bg7 9. Bg5 0-0 10. Qd2 a5 11. 0-0 a4 12. Rab1 Qa5 13. Nd5 Nxd5 14. Qxa5 Rxa5 15. exd5 Bf5 16. Rbd1 Re8 17. Bd3 Bxd3 18. Rxd3 Bxb2 19. Rb1 a3 20. Rb3 f6 21. Bc1 Bxc1 22. Rxc1 Rb8 23. Rcc3 Rc5 24. Rxa3 b5 25. Rab3 Rbc8 26. g3 bxc4 27. Rb7 Kf8 28. Re3 R5c7 29. Rb2 Rc5 30. Rb7 R5c7 31. Rb2 c3 32. Rc2 Rc5 33. Rd3 Ra8 34. Kg2 Raa5 35. Rdxc3 Rxc3 36. Rxc3 Rxa2 37. Rd3 Ra4 38. h4 h5 39. Kf3 Kf7 40. Ke3 e6 41. dxe6+ Kxe6 42. Rb3 Ke5 43. Rb8 Ra3+ 44. Ke2 d5 45. Re8+ Kf5 46. Rd8 Ra5 47. Kf3 Ra3+ 48. Kg2 Rd3 49. Kf1 Ke5 50. Ke2 Ra3 51. Re8+ Kf5 52. Rd8 Ra5 53. Ke3 Ra3+ 54. Ke2 Ra5 55. Ke3 g5 56. Rh8 Kg6 57. hxg5 fxg5 58. Rg8+ Kf6 59. Rh8 Kg6 60. Rg8+ Kf5 61. Rh8 Ra3+ 62. Ke2 Kg4 63. Rd8 Ra5 64. Rg8 h4 65. gxh4 Kxh4 66. Kf3 Ra3+ 67. Kg2 Kg4 68. Rd8 Ra5 69. Rf8 Ra6 70. Rd8 Ra5 71. Rf8 d4 72. f3+ Kh5 73. Rd8 Ra4 74. Kg3 Kg6 75. Rd6+ Kf5 76. Rd5+ Kf6 77. Rd8 Ke5 78. Kg4 Rb4 1/2-1/2

[Event "Sevastopol Waltz Blitz"]
[Site "Sevastopol"]
[Date "2021.08.28"]
[Round "3"]
[White "Petrov, Alexey"]
[Black "Vlasov, Egor"]
[Result "0-1"]
[WhiteElo "1860"]
[BlackElo "2220"]
[PlyCount "106"]
[EventDate "2021.08.28"]
[EventType "swiss (blitz)"]
[EventRounds "13"]
[EventCountry "UKR"]
[SourceTitle "CBM 204 Extra"]
[Source "ChessBase"]
[SourceDate "2021.11.30"]
[SourceVersion "1"]
[SourceVersionDate "2021.11.30"]
[SourceQuality "1"]

1. e4 e5 2. Nf3 Nc6 3. Bb5 a6 4. Ba4 Nf6 5. 0-0 Nxe4 6. d4 b5 7. Bb3 d5 8. dxe5 Be6 9. c3 Be7 10. Nbd2 Nc5 11. Bc2 Bg4 12. Re1 Qd7 13. a4 0-0 14. b4 Ne6 15. Nf1 d4 16. h3 Bh5 17. g4 Bg6 18. Bxg6 hxg6 19. Nxd4 Ncxd4 20. cxd4 Qxd4 21. Be3 Qxb4 22. axb5 axb5 23. Rb1 Qa4 24. Qb3 c6 25. Rec1 Rfc8 26. Nd2 Bg5 27. Bxg5 Nxg5 28. Kg2 Qd4 29. Nf3 Nxf3 30. Qxf3 Qxe5 31. Rxc6 Rxc6 32. Qxc6 Rb8 33. Rb4 g5 34. Re4 Qb2 35. Re8+ Rxe8 36. Qxe8+ Kh7 37. Qe4+ g6 38. Qd5 Kg7 39. Qxg5 b4 40. h4 Qf6 41. Qb5 Qc3 42. h5 b3 43. hxg6 Kxg6 44. Qf5+ Kg7 45. Qg5+ Kh7 46. Qf5+ Kg8 47. Qg5+ Qg7 48. Qd8+ Kh7 49. Qh4+ Qh6 50. Qe7 Qc6+ 51. f3 Qd5 52. Qh4+ Kg7 53. Qg5+ Qxg5 0-1

[Event "Sevastopol Waltz"]
[Site "Sevastopol"]
[Date "2021.08.21"]
[Round "5"]
[White "Truskavetsky, Alexandr"]
[Black "Vlasov, Egor"]
[Result "0-1"]
[WhiteElo "2371"]
[BlackElo "2220"]
[PlyCount "126"]
[EventDate "2021.08.17"]
[EventType "swiss"]
[EventRounds "9"]
[EventCountry "UKR"]
[SourceTitle "CBM 203 Extra"]
[Source "ChessBase"]
[SourceDate "2021.09.30"]
[SourceVersion "1"]
[SourceVersionDate "2021.09.30"]
[SourceQuality "1"]

1. d4 Nf6 2. c4 e6 3. Nc3 Bb4 4. f3 d5 5. a3 Be7 6. cxd5 exd5 7. e4 dxe4 8. fxe4 c5 9. Bb5+ Bd7 10. e5 Bxb5 11. exf6 Bxf6 12. Nxb5 0-0 13. d5 Qa5+ 14. Nc3 Bxc3+ 15. bxc3 Qxc3+ 16. Bd2 Re8+ 17. Ne2 Qc4 18. Rc1 Qh4+ 19. Kf1 Qf6+ 20. Kg1 Qe5 21. Kf2 Qf5+ 22. Nf4 g5 23. Qc2 Qxc2 24. Rxc2 gxf4 25. Rxc5 Nd7 26. Rc4 Nf6 27. Bxf4 Nxd5 28. Bg5 Rac8 29. Rhc1 Rxc4 30. Rxc4 f6 31. Bh6 Kf7 32. a4 f5 33. Kf3 Re6 34. Bd2 Rb6 35. Rh4 Kg7 36. Rd4 Rb3+ 37. Ke2 Nf6 38. Rc4 Kg6 39. Rc7 Ne4 40. Be1 Rb2+ 41. Kf3 Ng5+ 42. Ke3 Ne6 43. Re7 Nc5 44. a5 Rxg2 45. Rc7 b6 46. h4 Rc2 47. h5+ Kxh5 48. Rxh7+ Kg5 49. Rg7+ Kf6 50. Rxa7 bxa5 51. Bxa5 Ne6 52. Kd3 Rh2 53. Bc3+ Kg5 54. Be5 Rh3+ 55. Ke2 f4 56. Bxf4+ Kxf4 57. Rf7+ Ke5 58. Re7 Kd5 59. Rd7+ Ke4 60. Kd2 Nc5 61. Rd8 Nb3+ 62. Kc2 Nd4+ 63. Kd2 Rd3+ 0-1

[Event "Sevastopol Waltz"]
[Site "Sevastopol"]
[Date "2021.08.18"]
[Round "2"]
[White "Khegay, Dmitriy"]
[Black "Vlasov, Egor"]
[Result "1-0"]
[WhiteElo "2528"]
[BlackElo "2220"]
[PlyCount "81"]
[EventDate "2021.08.17"]
[EventType "swiss"]
[EventRounds "9"]
[EventCountry "UKR"]
[SourceTitle "CBM 203 Extra"]
[Source "ChessBase"]
[SourceDate "2021.09.30"]
[SourceVersion "1"]
[SourceVersionDate "2021.09.30"]
[SourceQuality "1"]

1. e4 e5 2. Nf3 Nc6 3. Bc4 Bc5 4. c3 Nf6 5. d3 d6 6. 0-0 Bb6 7. Bb3 Bg4 8. Nbd2 0-0 9. Re1 d5 10. h3 Bh5 11. Qe2 Bg6 12. Bc2 Re8 13. Nf1 Qe7 14. Bg5 dxe4 15. dxe4 Nd8 16. Ne3 Bxe3 17. Qxe3 Ne6 18. Bh4 Qc5 19. Rad1 Rad8 20. Rxd8 Rxd8 21. b4 Qxe3 22. Rxe3 Nf4 23. Nxe5 Rd2 24. Bb3 Bxe4 25. Ng4 Bc6 26. Nxf6+ gxf6 27. Bxf6 Ne2+ 28. Kh2 Nc1 29. Be7 h5 30. Rg3+ Kh7 31. Bxf7 Rxf2 32. Bg6+ Kh8 33. Bc5 h4 34. Bxf2 hxg3+ 35. Bxg3 Nxa2 36. Bxc7 Kg7 37. Bb1 Bd5 38. Bb8 Kf7 39. Bxa2 Bxa2 40. Bxa7 b5 41. g4 1-0

[Event "EU-ch rapid"]
[Site "Warsaw"]
[Date "2010.12.19"]
[Round "9"]
[White "Krysztofiak, Marcin"]
[Black "Vlasov, Egor"]
[Result "1/2-1/2"]
[WhiteElo "2449"]
[BlackElo "2287"]
[PlyCount "135"]
[EventDate "2010.12.18"]
[EventType "swiss (rapid)"]
[EventRounds "13"]
[EventCountry "POL"]
[SourceTitle "CBM 139 Extra"]
[Source "ChessBase"]
[SourceDate "2011.01.05"]
[SourceVersion "1"]
[SourceVersionDate "2011.01.05"]
[SourceQuality "1"]

1. d4 e6 2. Nf3 f5 3. c4 b6 4. a3 Bb7 5. Nc3 Nf6 6. d5 Bd6 7. g3 0-0 8. Bg2 a5 9. 0-0 Na6 10. Nb5 Nc5 11. dxe6 dxe6 12. Bg5 Nce4 13. Bxf6 Qxf6 14. Nxd6 Nxd6 15. Qd4 Qxd4 16. Nxd4 Bxg2 17. Kxg2 e5 18. Ne6 Rf7 19. c5 Nc4 20. cxb6 cxb6 21. Rfc1 Nxb2 22. Rab1 Na4 23. Rc4 Rf6 24. Nc7 Rc8 25. Rbc1 Rf7 26. Ne6 Rxc4 27. Rxc4 Nc5 28. Nxc5 Rc7 29. Kf3 Kf7 30. Ke3 Ke7 31. Kd3 bxc5 32. Ra4 Ra7 33. Kc4 Kd6 34. Kb5 Rb7+ 35. Kc4 Rb2 36. Rxa5 Rxe2 37. Ra6+ Ke7 38. Kd5 Kf7 39. Ra7+ Kg6 40. Ra6+ Kh5 41. Ra7 Kh6 42. a4 e4 43. g4 Rxf2 44. gxf5 e3 45. Re7 Rxf5+ 46. Kc6 c4 47. Rxe3 Ra5 48. Ra3 c3 49. Rxc3 Rxa4 50. Rh3+ Kg6 51. Rg3+ Kf6 52. Rf3+ Kg5 53. Kd5 h5 54. Ke6 Re4+ 55. Kd5 Re2 56. Rg3+ Kh6 57. h3 g5 58. Kd4 Kg6 59. Kd3 Re8 60. Kd4 Re1 61. Kd5 Kf5 62. Rf3+ Kg6 63. Rg3 h4 64. Rf3 Kh5 65. Kd4 Rg1 66. Ke4 Rg3 67. Rxg3 hxg3 68. Kf3 1/2-1/2

[Event "EU-ch rapid"]
[Site "Warsaw"]
[Date "2010.12.18"]
[Round "3"]
[White "Anisimov, Pavel"]
[Black "Vlasov, Egor"]
[Result "1-0"]
[WhiteElo "2532"]
[BlackElo "2287"]
[PlyCount "65"]
[EventDate "2010.12.18"]
[EventType "swiss (rapid)"]
[EventRounds "13"]
[EventCountry "POL"]
[SourceTitle "CBM 139 Extra"]
[Source "ChessBase"]
[SourceDate "2011.01.05"]
[SourceVersion "1"]
[SourceVersionDate "2011.01.05"]
[SourceQuality "1"]

1. e4 e6 2. d4 b6 3. Bd3 Bb7 4. Nf3 Nf6 5. Qe2 c5 6. c3 d5 7. e5 Nfd7 8. 0-0 Nc6 9. a3 c4 10. Bc2 Qc7 11. Ng5 Be7 12. Qh5 Bxg5 13. Bxg5 Nf8 14. Nd2 Ne7 15. Rae1 g6 16. Qf3 h5 17. Ba4+ Bc6 18. Qf6 Bxa4 19. Qxh8 Nf5 20. Rc1 Kd7 21. Bh6 Nxh6 22. Qxh6 Kc6 23. b3 Bb5 24. a4 Ba6 25. bxc4 Kb7 26. Qf4 Rd8 27. cxd5 Bxf1 28. d6 Qc6 29. Nxf1 Rd7 30. c4 Qxa4 31. c5 bxc5 32. Qf3+ Ka6 33. dxc5 1-0

[Event "EU-ch rapid"]
[Site "Warsaw"]
[Date "2010.12.18"]
[Round "5"]
[White "Nyzhnyk, Illya"]
[Black "Vlasov, Egor"]
[Result "1/2-1/2"]
[WhiteElo "2535"]
[BlackElo "2287"]
[PlyCount "65"]
[EventDate "2010.12.18"]
[EventType "swiss (rapid)"]
[EventRounds "13"]
[EventCountry "POL"]
[SourceTitle "CBM 139 Extra"]
[Source "ChessBase"]
[SourceDate "2011.01.05"]
[SourceVersion "1"]
[SourceVersionDate "2011.01.05"]
[SourceQuality "1"]

1. e4 e5 2. Nf3 Nc6 3. Bb5 a6 4. Ba4 Nf6 5. d3 b5 6. Bb3 Bc5 7. Nc3 h6 8. Nd5 d6 9. c3 Be6 10. 0-0 Bxd5 11. exd5 Ne7 12. d4 exd4 13. Nxd4 0-0 14. a4 Qd7 15. Ne2 Ng6 16. Ng3 Rae8 17. axb5 axb5 18. Qd3 Ne5 19. Qc2 Neg4 20. Bf4 Nxf2 21. Rxf2 Ng4 22. Nh1 Nxf2 23. Nxf2 Qg4 24. Bg3 Re2 25. Qd3 Rfe8 26. Rf1 Rxb2 27. Bd1 Qc4 28. Qf3 Re3 29. Qf5 Qxc3 30. Kh1 Re1 31. Qc8+ Kh7 32. Qf5+ Kg8 33. Qc8+ 1/2-1/2

[Event "St Petersburg Chigorin CC-ch"]
[Site "St Petersburg"]
[Date "2009.05.20"]
[Round "2"]
[White "Smirnov, Leonid G"]
[Black "Vlasov, Egor"]
[Result "0-1"]
[WhiteElo "1943"]
[BlackElo "2275"]
[PlyCount "88"]
[EventDate "2009.05.19"]
[EventType "swiss"]
[EventRounds "9"]
[EventCountry "RUS"]
[SourceTitle "CBM 130 Extra"]
[Source "ChessBase"]
[SourceDate "2009.07.02"]
[SourceVersion "2"]
[SourceVersionDate "2009.07.15"]
[SourceQuality "1"]

1. d4 Nf6 2. c3 b6 3. f3 d5 4. e3 Bb7 5. Bd3 Nbd7 6. f4 e6 7. Nh3 Ne4 8. 0-0 Bd6 9. Nd2 f5 10. Nxe4 fxe4 11. Be2 0-0 12. Bd2 a5 13. Be1 Ba6 14. Bxa6 Rxa6 15. Qg4 Qf6 16. Bh4 Qg6 17. Qxg6 hxg6 18. Ng5 Re8 19. g4 Nf6 20. h3 c5 21. Rac1 b5 22. Kg2 Rc6 23. Bg3 Be7 24. Kf2 Rec8 25. dxc5 Bxc5 26. Ke2 Be7 27. Be1 Nd7 28. h4 Nc5 29. Bd2 Nd3 30. Rb1 b4 31. c4 Bxg5 32. cxd5 exd5 33. hxg5 Rc2 34. f5 Nxb2 35. fxg6 Nc4 36. Rbd1 d4 37. Rf4 dxe3 38. Rxe4 Rxd2+ 39. Rxd2 exd2 40. Kd1 a4 41. Rd4 b3 42. axb3 axb3 43. Rd7 b2 44. Rb7 Rd8 0-1

[Event "Wroclaw op"]
[Site "Wroclaw"]
[Date "2009.04.28"]
[Round "2"]
[White "Vlasov, Egor"]
[Black "Grabarczyk, Miroslaw"]
[Result "1/2-1/2"]
[WhiteElo "2275"]
[BlackElo "2469"]
[PlyCount "134"]
[EventDate "2009.04.27"]
[EventType "swiss"]
[EventRounds "9"]
[EventCountry "POL"]
[SourceTitle "CBM 130 Extra"]
[Source "ChessBase"]
[SourceDate "2009.07.02"]
[SourceVersion "2"]
[SourceVersionDate "2009.07.15"]
[SourceQuality "1"]

1. e4 e5 2. Nf3 Nc6 3. Bb5 a6 4. Ba4 Nf6 5. d4 exd4 6. 0-0 Be7 7. Re1 d6 8. Nxd4 Bd7 9. Nc3 0-0 10. Bxc6 bxc6 11. Qf3 c5 12. Nf5 Bxf5 13. Qxf5 Nd7 14. Nd5 Re8 15. Bd2 Nf6 16. Bc3 Nxd5 17. exd5 Qc8 18. Qxc8 Raxc8 19. Ba5 Kf8 20. b3 Bf6 21. Rxe8+ Kxe8 22. Re1+ Kd7 23. f4 c4 24. Re4 cxb3 25. cxb3 c6 26. dxc6+ Rxc6 27. Kf2 Rc2+ 28. Re2 Rc1 29. Re1 Rc5 30. Bb6 Rc2+ 31. Re2 Rc6 32. Be3 a5 33. Rd2 a4 34. bxa4 Rc4 35. Kf3 Rxa4 36. Bc5 Ra6 37. Bb4 Bd8 38. a3 Ba5 39. Bxa5 Rxa5 40. Rd3 h5 41. g4 hxg4+ 42. Kxg4 Ke6 43. Re3+ Kf6 44. Rd3 d5 45. Rb3 Kg6 46. Rb6+ f6 47. Rd6 Kh6 48. h4 Rxa3 49. Rxd5 g6 50. f5 Ra4+ 51. Kg3 g5 52. hxg5+ Kxg5 53. Kf3 Ra3+ 54. Ke4 Kg4 55. Rb5 Ra1 56. Ke3 Re1+ 57. Kf2 Re4 58. Ra5 Kf4 59. Rb5 Ra4 60. Ke2 Ra2+ 61. Kd3 Ra3+ 62. Ke2 Rh3 63. Ra5 Rb3 64. Rc5 Ke4 65. Kf2 Ra3 66. Rb5 Kf4 67. Ke2 Ra2+ 1/2-1/2

[Event "St Petersburg Autumn op"]
[Site "St Petersburg"]
[Date "2009.??.??"]
[Round "5"]
[White "Kitsis, Andrey"]
[Black "Vlasov, Egor"]
[Result "0-1"]
[WhiteElo "2165"]
[BlackElo "2280"]
[PlyCount "200"]
[EventDate "2009.10.??"]
[EventType "swiss"]
[EventRounds "9"]
[EventCountry "RUS"]
[SourceTitle "EXT 2011"]
[Source "ChessBase"]
[SourceDate "2010.11.26"]
[SourceVersion "1"]
[SourceVersionDate "2010.11.26"]
[SourceQuality "1"]

1. Nf3 d5 2. g3 c6 3. Bg2 Nf6 4. 0-0 Bg4 5. c4 e6 6. d4 Nbd7 7. Nc3 Bd6 8. Qb3 Qb6 9. h3 Bh5 10. c5 Qxb3 11. axb3 Bc7 12. b4 Ne4 13. Nxe4 dxe4 14. Ng5 Nf6 15. Nxe4 Nxe4 16. Bxe4 Bxe2 17. Re1 Bc4 18. Bd2 0-0 19. Rac1 Bb5 20. Bg2 Rfd8 21. Bc3 Bc4 22. Bf1 Bxf1 23. Kxf1 Rd5 24. Re4 g5 25. h4 h6 26. Ke2 Bd8 27. hxg5 hxg5 28. Re5 Rd7 29. Re4 Rd5 30. Kd3 Bf6 31. Ra1 a6 32. g4 Kg7 33. Rh1 Kg6 34. Kc4 Bg7 35. Rh3 Re8 36. Re1 Red8 37. Re4 Re8 38. Re1 Rd7 39. Re2 f5 40. gxf5+ Kxf5 41. Rf3+ Kg6 42. Rfe3 Kf7 43. Rf3+ Bf6 44. Rfe3 Rd5 45. Rf3 Re7 46. Rh3 Kg6 47. Rhe3 Rf5 48. Kd3 Kf7 49. Rh3 Kg6 50. Rhe3 Kf7 51. Rh3 Rf4 52. Rh7+ Ke8 53. Rh6 Rf3+ 54. Ke4 Rf4+ 55. Kd3 Kf7 56. Rh7+ Kf8 57. Rh6 Kg7 58. Rh3 Kg6 59. f3 Kf5 60. Rg3 Rd7 61. Re4 e5 62. Rxf4+ Kxf4 63. Rh3 Kf5 64. Rh5 exd4 65. Bd2 Kg6 66. Rh3 Rd8 67. Rg3 Kf5 68. Rh3 Rh8 69. Rxh8 Bxh8 70. b3 Be5 71. Be1 Kf4 72. Bd2+ Kf5 73. Be1 Bf6 74. Bd2 Ke5 75. Kc4 Bd8 76. Bc1 Bf6 77. Bd2 Ke6 78. Bc1 Kf5 79. Kd3 Be5 80. Bd2 Bf4 81. Be1 Bc1 82. Bg3 Bb2 83. Be1 Kf4 84. Bd2+ Kxf3 85. Bxg5 Bc3 86. Bf6 Kf2 87. Bh4+ Kf1 88. Bg3 Be1 89. Be5 Bf2 90. Bxd4 Bxd4 91. Kxd4 Ke2 92. Kc3 Kd1 93. Kd3 Kc1 94. Kc3 Kb1 95. Kd3 Kb2 96. Kc4 Kc2 97. b5 axb5+ 98. Kb4 Kb2 99. Ka5 Kxb3 100. Kb6 Kc4 0-1

[Event "St Petersburg Autumn op"]
[Site "St Petersburg"]
[Date "2009.??.??"]
[Round "9"]
[White "Shagiakhmetov, Artem"]
[Black "Vlasov, Egor"]
[Result "0-1"]
[WhiteElo "2095"]
[BlackElo "2280"]
[PlyCount "82"]
[EventDate "2009.10.??"]
[EventType "swiss"]
[EventRounds "9"]
[EventCountry "RUS"]
[SourceTitle "EXT 2011"]
[Source "ChessBase"]
[SourceDate "2010.11.26"]
[SourceVersion "1"]
[SourceVersionDate "2010.11.26"]
[SourceQuality "1"]

1. e4 e6 2. d4 b6 3. Nf3 Bb7 4. Bd3 c5 5. 0-0 cxd4 6. Nxd4 Nc6 7. Nxc6 dxc6 8. Qe2 Qc7 9. e5 Ne7 10. f4 Nf5 11. c3 h5 12. b4 a5 13. Bxf5 exf5 14. Qb2 c5 15. bxa5 c4 16. Be3 Bc5 17. Bxc5 Qxc5+ 18. Rf2 Rxa5 19. Nd2 b5 20. a4 0-0 21. Qb4 Qxb4 22. cxb4 Rxa4 23. Rxa4 bxa4 24. Nxc4 Rc8 25. Na3 Rc3 26. Ra2 Bd5 27. Ra1 Rb3 28. Rd1 Be4 29. Nc4 Rxb4 30. Rd8+ Kh7 31. Nd6 a3 32. Nxe4 fxe4 33. Ra8 e3 34. Kf1 Rxf4+ 35. Ke2 Rf2+ 36. Kxe3 Rxg2 37. Rxa3 Rxh2 38. Kf4 Rf2+ 39. Ke3 Rf5 40. Ke4 g6 41. Ra7 Kh6 0-1

[Event "St Petersburg Autumn op"]
[Site "St Petersburg"]
[Date "2009.??.??"]
[Round "6"]
[White "Vlasov, Egor"]
[Black "Pankov, German"]
[Result "1/2-1/2"]
[WhiteElo "2280"]
[BlackElo "2355"]
[PlyCount "98"]
[EventDate "2009.10.??"]
[EventType "swiss"]
[EventRounds "9"]
[EventCountry "RUS"]
[SourceTitle "EXT 2011"]
[Source "ChessBase"]
[SourceDate "2010.11.26"]
[SourceVersion "1"]
[SourceVersionDate "2010.11.26"]
[SourceQuality "1"]

1. e4 c5 2. Nf3 Nc6 3. d4 cxd4 4. Nxd4 Nf6 5. Nc3 g6 6. Be3 Bg7 7. Bc4 0-0 8. Bb3 a5 9. 0-0 d6 10. Ndb5 a4 11. Nxa4 Nxe4 12. Qe2 Ra6 13. c4 Nf6 14. h3 Na5 15. Rad1 Nxb3 16. axb3 Bd7 17. c5 Qa5 18. Nac3 Ne4 19. cxd6 Bxb5 20. Nxb5 Nxd6 21. Nxd6 Rxd6 22. Rxd6 exd6 23. Rd1 Qe5 24. Qd2 Rd8 25. Bf4 Qb5 26. Qd5 Qxd5 27. Rxd5 Bf8 28. Bg5 Rd7 29. Bf6 Bg7 30. Bc3 f5 31. Kf1 Kf7 32. Ke2 Ke6 33. Rb5 Bf8 34. Kd3 Be7 35. Bd4 Rc7 36. Ra5 Kd7 37. Bc3 Rc8 38. Ra7 Kc7 39. Bd4 Bg5 40. g3 Bd8 41. Ra1 Kd7 42. g4 fxg4 43. hxg4 h5 44. Rh1 hxg4 45. Rh7+ Ke6 46. Rxb7 Bf6 47. Bxf6 Kxf6 48. Rb5 Rc1 49. Rd5 Rd1+ 1/2-1/2

[Event "St Petersburg-ch U18"]
[Site "St Petersburg"]
[Date "2002.??.??"]
[Round "9"]
[White "Matlakov, Maxim"]
[Black "Vlasov, Egor"]
[Result "1/2-1/2"]
[WhiteElo "2316"]
[BlackElo "2192"]
[PlyCount "83"]
[EventDate "2002.??.??"]
[EventType "swiss"]
[EventRounds "9"]
[EventCountry "RUS"]
[SourceTitle "EXT 2003"]
[Source "ChessBase"]
[SourceDate "2002.11.25"]
[SourceVersion "1"]
[SourceVersionDate "2002.11.25"]
[SourceQuality "1"]

1. e4 e5 2. Nf3 Nc6 3. c3 Nf6 4. d4 Nxe4 5. d5 Ne7 6. Nxe5 Ng6 7. Nxg6 hxg6 8. Qe2 Qe7 9. Be3 c6 10. Nd2 cxd5 11. g3 b6 12. Bg2 Bb7 13. 0-0 Qe6 14. Bd4 0-0-0 15. b4 Ng5 16. Qd3 Qf5 17. Qxf5 gxf5 18. Nf3 Nxf3+ 19. Bxf3 f6 20. Rfd1 f4 21. a4 Bd6 22. a5 Kc7 23. axb6+ axb6 24. Ra7 Ra8 25. Rxb7+ Kxb7 26. Bxd5+ Kc7 27. Bxa8 Rxa8 28. Bxb6+ Kc6 29. Bd4 fxg3 30. hxg3 Ra2 31. Rb1 Kb5 32. Rd1 Kc4 33. Bxf6 Bxg3 34. fxg3 gxf6 35. Rxd7 Kxc3 36. b5 Rb2 37. Rd5 Kc4 38. Rf5 Rxb5 39. Rxf6 Kd4 40. Kg2 Ke5 41. Rf1 Rb7 42. Rf3 1/2-1/2

[Event "RUS-ch U16"]
[Site "Cherepovets"]
[Date "2001.??.??"]
[Round "?"]
[White "Savchenko, Boris"]
[Black "Vlasov, Egor"]
[Result "1-0"]
[WhiteElo "2255"]
[BlackElo "2192"]
[PlyCount "43"]
[EventDate "2001.??.??"]
[EventType "swiss"]
[EventRounds "10"]
[EventCountry "RUS"]
[SourceTitle "EXT 2002"]
[Source "ChessBase"]
[SourceDate "2001.11.25"]
[SourceVersion "1"]
[SourceVersionDate "2001.11.25"]
[SourceQuality "1"]

1. e4 e5 2. Nf3 Nc6 3. Bc4 Bc5 4. c3 Nf6 5. d4 exd4 6. cxd4 Bb4+ 7. Nc3 Nxe4 8. 0-0 Bxc3 9. d5 Bf6 10. Re1 Ne7 11. Rxe4 d6 12. Bg5 Bxg5 13. Nxg5 0-0 14. Nxh7 Kxh7 15. Qh5+ Kg8 16. Rh4 f5 17. Re1 Bd7 18. Re6 a6 19. Be2 Nxd5 20. Qh7+ Kf7 21. Qg6+ Kg8 22. Rh7 1-0

[Event "RUS-ch U16"]
[Site "Cherepovets"]
[Date "2001.??.??"]
[Round "?"]
[White "Vlasov, Egor"]
[Black "Pimonenko, Boris"]
[Result "0-1"]
[WhiteElo "2192"]
[BlackElo "2253"]
[PlyCount "90"]
[EventDate "2001.??.??"]
[EventType "swiss"]
[EventRounds "10"]
[EventCountry "RUS"]
[SourceTitle "EXT 2002"]
[Source "ChessBase"]
[SourceDate "2001.11.25"]
[SourceVersion "1"]
[SourceVersionDate "2001.11.25"]
[SourceQuality "1"]

1. e4 c5 2. Nf3 d6 3. d4 cxd4 4. Nxd4 Nf6 5. Nc3 a6 6. f3 e5 7. Nb3 Be6 8. Be3 Nbd7 9. g4 h6 10. Qd2 Rc8 11. 0-0-0 b5 12. h4 Nb6 13. Kb1 b4 14. Bxb6 Qxb6 15. Nd5 Nxd5 16. exd5 Bd7 17. Qd3 a5 18. Nd2 Be7 19. Re1 Bxh4 20. Re2 Bg5 21. Ne4 Bf4 22. g5 h5 23. Re1 Kf8 24. Bh3 Bb5 25. Qd1 Rc4 26. Qe2 g6 27. Bf1 Ba6 28. b3 Rc6 29. Qg2 Bxf1 30. Qxf1 Rc7 31. Rh4 Kg7 32. Re2 Qd4 33. Nf6 Rc3 34. Ne4 Rxf3 35. Qh1 Qxd5 36. Re1 Re3 37. Rxe3 Bxe3 38. Qf3 Bf4 39. Rh1 Rd8 40. Rd1 Qc6 41. Qg2 d5 42. Nf6 e4 43. Rf1 Be5 44. Qf2 Rf8 45. Qe3 Qc3 0-1